Vista normal Vista MARC

Entrada Topical Term

Número de registros utilizados en: 1

001 - CONTROL NUMBER

  • control field: 10310

003 - CONTROL NUMBER IDENTIFIER

  • control field: OSt

005 - DATE AND TIME OF LATEST TRANSACTION

  • control field: 20200916181149.0

008 - FIXED-LENGTH DATA ELEMENTS

  • fixed length control field: 200916|| aca||aabn | a|a d

040 ## - CATALOGING SOURCE

  • Original cataloging agency: OSt
  • Transcribing agency: OSt

150 ## - HEADING--TOPICAL TERM

  • Topical term or geographic name entry element: Fotografías
  • Geographic subdivision: Bogotá

670 ## - SOURCE DATA FOUND

  • Source citation: Work cat.: (OSt)4183: Ortiz Ortiz, Luis Emesto, autor 10309, De Santa fe a Bogotá D.C. / , 2007